000 01154nam0a2200277 4500
001 RU\NLR\BIBL_A\021962113
005 20260406131011.0
035 _a(NLR Aleph) 021962113
090 _a12324105
_c12324105
100 _a20230609d1957 |||y0rusy50 ca
101 0 _aukr
102 _aRU
105 _ay a 000zy
181 0 _ai4
_baxxe
182 0 _an
200 1 _aНаука i релiгiя про будову всесвiту
_e(бiблiографiчний огляд)
_fВiнницьке обласне управлiння культури, Вiнницька обласна бiблiотека iм. К. А. Тiмiрязєва
_gсклав Василевський А. П.
203 _aТекст
_bвизуальный
_cнепосредственный
210 _aВiнниця
_c[б. и.]
_d1957
215 _a7, [1] с.
_d20
702 1 _aВасилевський
_bА. П.
_4220
712 0 2 _7ca
_8ukr
_aВінницька обласна бібліотека ім. Тимірязєва
_9316067
_3RU\NLR\AUTH\8821119
852 _aNLR
_jС151-420/В-19
942 _cBOOK
980 _aNB